00370nam a2200157Ia 45000010006000000050017000060080041000230410008000640820016000721000032000882450039001202600009001593000028001686500008001966540008002041462620260306164928.0260306t2013||||xx |||||||||||||| ||spa|| aESP a515.35bP83 aPozo Montero, FrancesceAUT 0aMatemáticas para la ingeniería c2013 a762 páginas :c25 cm. aGEN aCMA